00617nam a22001457a 4500008004100000040005500041080002200096245007700118260007100195650001600266653000800282942001300290999001700303952015100320230511b |||||||| |||| 00| 0 eng d aNational Science LibrarycNational Science Library a912:631.4(6) bK4 aSoils map of Africa c/ Commission for technology C-Operation in Africa  aAfrica: bCommission for technology C-Operation in Africa , c1964 aGeography.  aMap 2udccREF c29136d29136 00102udc40691263146_K4708NFIC943664aNSLbNSLcGF/Rk-22/C-7/R-2d1965-06-22l0o912:631.4(6) K4p12889r2023-05-11 00:00:00w1965-06-22yREF